Semiótica y teoría del conocimiento /
Guardado en:
| Autor principal: | |
|---|---|
| Formato: | Desconocido |
| Lenguaje: | Spanish |
| Publicado: |
Madrid :
Alberto Corazón,
[1970?].
|
| Colección: | (Comunicación ;
5) |
| Materias: | |
| Etiquetas: |
Agregar Etiqueta
Sin Etiquetas, Sea el primero en etiquetar este registro!
|
MARC
| LEADER | 000000000a22000000004500 | ||
|---|---|---|---|
| 001 | 005552 | ||
| 041 | 0 | |a spa | |
| 082 | 0 | 4 | |a 149.94 |b R467s |
| 100 | 0 | |a Reznikov | |
| 245 | 1 | 0 | |a Semiótica y teoría del conocimiento / |c Reznikov. |
| 260 | 1 | |a Madrid : |b Alberto Corazón, |c [1970?]. | |
| 300 | |a 331 páginas | ||
| 490 | 1 | |a (Comunicación ; |v 5) | |
| 650 | 4 | |a COMUNICACION | |
| 650 | 4 | |a SEMIOTICA | |
| 650 | 4 | |a TEORIA DEL CONOCIMIENTO | |
| 999 | |c 11739 |d 11739 | ||
| 942 | |c BK |h 149.94 R467s |2 z | ||
